Pays des joueurs de Top 14 - Statistiques

Statistiques générales
  • Ce quiz a été pris 76 fois
    40 depuis la dernière actualisation
  • Le résultat moyen est 20 sur 25
Statistiques - réponses
Nombre de Joueurs Pays % Correct
10 Italie
100%
23 Argentine
97%
22 Angleterre
97%
22 Nouvelle-Zélande
94%
7 Espagne
94%
23 Afrique du Sud
94%
4 Écosse
90%
11 Samoa
90%
3 Irlande
90%
18 Australie
90%
27 Fidji
90%
2 Pays de Galles
90%
13 Tonga
87%
1 États-Unis
84%
22 Géorgie
84%
2 Portugal
84%
2 Japon
84%
1 Canada
81%
1 Allemagne
77%
1 Namibie
74%
2 Chili
71%
1 Uruguay
55%
1 R.D.C.
29%
1 Cameroun
26%
1 Moldavie
16%
Aucun quiz correspondant
Distribution des résultats
% des personnes avec chaque résultat
Percentile par nombre de réponses
Votre historique - résultats
Vous n’avez pas pris ce quiz depuis la dernière actualisation